000 00920nam a22002297a 4500
005 20240530110455.0
008 150601s1996 ku p f b 000 0 ara d
040 _aEG-CaGPL
082 0 4 _221
_a709.1\
_bم أ
100 0 _aمحمود ابراهيم حسين .
245 1 2 _aالارابيسك :
_bداسات فى الحضارة و الفنون الاسلامية /
_cتاليف محمود ابراهيم حسين .
250 _aط1.
260 _aالكويت :
_bمكتبة الفلاح للنشر و التوزيع ،
_c1966 .
300 _a255 ص :
_bصور لو ؛
_c24 سم .
504 _aيشتمل على ارجاعات ببليوجرافية
650 0 4 _aالارابيسك .
650 0 4 _aالعملات الاسلامية .
650 0 4 _aالزخارف الاسلامية .
650 0 4 _aالعمارة الاسلامية .
942 _2ddc
_cBK
999 _c61351
_d61351